Liste der Sternbilder der Internationalen Astronomischen Union (IAU) - Statistiken

Allgemein
  • Dieses Quiz wurde 934 mal gespielt
  • Das Durchschnittsergebnis liegt bei 50 aus 88
Antwortstatistiken
Vollständige Sichtbarkeit Fläche Sternbild % Korrekt
83° N bis 57° S 946,964 Löwe
90%
67° N bis 76° S 1.294,428 Jungfrau
89%
84° N bis 56° S 889,417 Fische
87%
90° N bis 65° S 797,249 Stier
86%
60° N bis 90° S 538,052 Waage
86%
90° N bis 59° S 441,395 Widder
85%
90° N bis 60° S 505,872 Krebs
84%
44° N bis 90° S 496,783 Skorpion
84%
90° N bis 60° S 513,761 Zwillinge
84%
55° N bis 90° S 867,432 Schütze
83%
62° N bis 90° S 413,947 Steinbock
82%
65° N bis 87° S 979,854 Wassermann
82%
85° N bis 75° S 594,120 Orion
81%
90° N bis 10° S 255,864 Kleiner Bär
77%
78° N bis 71° S 652,473 Adler
74%
90° N bis 15° S 1.082,952 Drache
74%
90° N bis 12° S 598,407 Kassiopeia
72%
74° N bis 64° S 636,928 Schlange
69%
90° N bis 29° S 803,983 Schwan
68%
90° N bis 37° S 722,278 Andromeda
67%
57° N bis 90° S 380,118 Grosser Hund
66%
89° N bis 77° S 183,367 Kleiner Hund
66%
90° N bis 35° S 614,997 Perseus
65%
90° N bis 65° S 1.120,794 Pegasus
64%
90° N bis 39° S 1.225,148 Herkules
63%
25° N bis 90° S 68,447 Kreuz des Südens
63%
90° N bis 29° S 286,476 Leier
62%
90° N bis 50° S 906,831 Bärenhüter
60%
55° N bis 83° S 1.302,844 Wasserschlange
59%
90° N bis 50° S 131,847 Dreieck
58%
90° N bis 37° S 756,828 Giraffe
58%
90° N bis 17° S 1.279,660 Grosse Bärin
58%
90° N bis 50° S 178,710 Nördliche Krone
57%
90° N bis 34° S 657,438 Fuhrmann
56%
90° N bis 35° S 545,386 Luchs
56%
75° N bis 85° S 481,569 Einhorn
55%
90° N bis 55° S 268,165 Fuchs
55%
90° N bis 10° S 587,787 Kepheus
55%
90° N bis 70° S 79,923 Pfeil
55%
50° N bis 90° S 397,502 Chemischer Ofen
54%
60° N bis 90° S 290,291 Hase
54%
39° N bis 90° S 673,434 Achterdeck des Schiffs
53%
90° N bis 70° S 188,549 Delphin
53%
80° N bis 80° S 948,340 Schlangenträger
53%
70° N bis 90° S 1.231,411 Walfisch
53%
90° N bis 38° S 465,194 Jagdhunde
52%
50° N bis 90° S 238,901 Luftpumpe
52%
33° N bis 90° S 499,649 Segel des Schiffs
52%
78° N bis 83° S 313,515 Sextant
52%
44° N bis 90° S 127,696 Südliche Krone
52%
25° N bis 90° S 1.060,422 Zentaur
52%
90° N bis 48° S 231,956 Kleiner Löwe
51%
35° N bis 90° S 333,683 Wolf
51%
10° N bis 90° S 138,355 Fliege
50%
14° N bis 90° S 494,184 Kiel des Schiffs
50%
90° N bis 56° S 386,475 Haar der Berenike
49%
45° N bis 90° S 209,513 Mikroskop
49%
65° N bis 90° S 183,801 Rabe
49%
65° N bis 90° S 282,398 Becher
48%
05° N bis 90° S 291,045 Oktant
48%
33° N bis 90° S 251,512 Teleskop
48%
25° N bis 90° S 237,057 Altar
47%
32° N bis 89° S 1.137,919 Eridanus
47%
50° N bis 90° S 245,375 Südlicher Fisch
47%
20° N bis 90° S 93,353 Zirkel
47%
07° N bis 90° S 131,592 Chamäleon
46%
90° N bis 40° S 200,688 Eidechse
46%
14° N bis 90° S 141,354 Fliegender Fisch
46%
15° N bis 90° S 377,666 Pfau
46%
07° N bis 90° S 206,327 Paradiesvogel
45%
74° N bis 64° S 109,114 Schild
45%
16° N bis 90° S 294,006 Indianer
44%
08° N bis 90° S 243,035 Kleine Wasserschlange
44%
41° N bis 90° S 270,184 Taube
44%
50° N bis 90° S 474,764 Bildhauer
43%
90° N bis 77° S 71,641 Füllen
43%
20° N bis 90° S 109,978 Südliches Dreieck
43%
41° N bis 90° S 124,865 Grabstichel
42%
35° N bis 90° S 365,513 Kranich
42%
25° N bis 90° S 246,739 Maler
42%
53° N bis 90° S 220,833 Schiffskompass
42%
15° N bis 90° S 294,557 Tukan
42%
23° N bis 90° S 113,936 Netz
41%
32° N bis 90° S 469,319 Phoenix
41%
20° N bis 90° S 179,173 Schwertfisch
41%
30° N bis 90° S 165,290 Winkelmass
41%
20° N bis 90° S 248,885 Pendeluhr
40%
05° N bis 90° S 153,484 Tafelberg
40%
Keine übereinstimmenden Quizze gefunden
Verteilung der Resultate
Anzahl Personen mit jedem Resultat
Perzentil nach korrekt beantworteten Fragen
Ihre Resultats-Entwicklung
Sie haben dieses Quiz noch nicht gespielt